00358nam a22001457a 450000500170000000800410001702000180005804100080007608200150008410000140009924500260011326000530013930000120019265000080020420210904113416.0200522b xxu||||| |||| 00| 0 eng d a9789381270288 aeng a342.52 MAL aMallick's aConstitution of India aNew Delhibpropessional book Pulishers New Delhi a2015p.  aLAW